| 000 | 00726nam a2200229Ia 4500 | ||
|---|---|---|---|
| 005 | 20260429112044.0 | ||
| 008 | 260429s9999||||xx |||||||||||||| ||und|| | ||
| 020 | _a9789390175031 | ||
| 041 | _aEnglish | ||
| 082 |
_a631.46 _bMIS |
||
| 100 | _aMishra, Bibhuti Bhusan | ||
| 245 | 0 |
_aAgriculturally important microorganisms : _bmechanisms and applications for sustainable agriculture / _cBibhuti Bhusan Mishra |
|
| 250 | _a1st ed. | ||
| 260 |
_aNew Delhi : _bNew India Publishing Agency, _c2021. |
||
| 300 | _axii, 243 p.; hb | ||
| 650 | _a Microorganisms | ||
| 650 | _a Sustainable agriculture | ||
| 650 | _aAgricultural microbiology | ||
| 700 | _a Nayak, Suraja Kumar | ||
| 700 | _a Pahari, Avishek | ||
| 942 | _cTB | ||
| 999 |
_c52117 _d52117 |
||